000 00323nam a2200121Ia 4500
008 190216s9999||||xx |||||||||||||| ||und||
100 _aKurup K K N
245 0 _aMalabarile Karshika Bandhangalil Oru Padanam
260 _bKerala Basha Inst
_c1991
300 _a150p
650 _aKerala History-Kerala History
942 _cBK
999 _c40526
_d40526